Clubs with Most League Titles in Top Football Leagues - Statistics

General Stats
  • This quiz has been taken 108 times
  • The average score is 35 of 42
Answer Stats
League Titles Country Club % Correct
38 Portugal Benfica
99%
28 Spain FC Barcelona
99%
36 Italy Juventus
99%
30 Portugal Porto
99%
36 Spain Real Madrid
99%
19 Italy AC Milan
98%
28 Netherlands Ajax Amsterdam
98%
34 Germany Bayern Munich
98%
55 Scotland Celtic
98%
20 Italy Inter Milan
98%
20 England Manchester United
98%
55 Scotland Rangers
98%
20 England Liverpool
96%
21 Portugal Sporting CP
96%
35 Argentina Boca Juniors
95%
25 Turkey Galatasaray
95%
48 Greece Olympiacos
95%
23 Netherlands PSV Eindhoven
95%
17 Ukraine Dynamo Kyiv
94%
13 France Paris Saint-Germain
93%
19 Belgium Club Brugge
92%
38 Argentina River Plate
92%
13 England Arsenal
89%
34 Belgium RSC Anderlecht
88%
11 Spain Atletico Madrid
87%
10 England Manchester City
86%
19 Turkey Fenerbahce
85%
11 Netherlands Feyenoord Rotterdam
82%
16 Turkey Besiktas
80%
11 Russia Zenit Saint Petersburg
80%
13 Greece AEK Athens
79%
20 Greece Panathinaikos
75%
22 Russia Spartak Moscow
75%
10 France Saint-Etienne
65%
13 Russia CSKA Moscow
64%
15 Ukraine Shakhtar Donetsk
61%
10 Belgium Standard Liege
55%
12 Brazil Palmeiras
54%
16 Argentina Independiente
51%
18 Argentina Racing
46%
15 Argentina San Lorenzo
36%
11 Argentina Velez Sarsfield
33%
No matching quizzes found
Score Distribution
Percent of People with Each Score
Percentile by Number Answered
Your Score History
You have not taken this quiz